Engineering Materials & Metallugry (Record no. 3815)

MARC details
000 -LEADER
fixed length control field 00414nam a2200157Ia 4500
008 - FIXED-LENGTH DATA ELEMENTS--GENERAL INFORMATION
fixed length control field 221030s9999 xx 000 0 und d
020 ## - INTERNATIONAL STANDARD BOOK NUMBER
ISBN 8188458317
082 ## - DEWEY DECIMAL CLASSIFICATION NUMBER
Classification number 105.23
Item number Dog
100 ## - MAIN ENTRY--AUTHOR NAME
Personal name R. K. Dogra
245 #0 - TITLE STATEMENT
Title Engineering Materials & Metallugry
Statement of responsibility, etc by R. K. Dogra, A. K. Sharma
260 ## - PUBLICATION, DISTRIBUTION, ETC. (IMPRINT)
Name of publisher S.K Kataria & Sons
Place of publication New Delhi
Year of publication 2006
300 ## - PHYSICAL DESCRIPTION
Number of Pages 340
650 ## - SUBJECT ADDED ENTRY--TOPICAL TERM
Topical Term EE
700 ## - ADDED ENTRY--PERSONAL NAME
Personal name A. K. Sharma
942 ## - ADDED ENTRY ELEMENTS (KOHA)
Koha item type Books
Source of classification or shelving scheme Dewey Decimal Classification
Holdings
Accession Number Cost, normal purchase price Full call number Price effective from Koha item type Withdrawn / writtenoff status Materials specified (bound volume or other part) Damaged status Not for loan Permanent Location Current Location Shelving location Date acquired Lost/ Missing status department
BE 9068 340.00 105.23 Dog 10/30/2022 Books   Print     MIET Library, Jammu MIET Library, Jammu BL-Academic Block C, FL-2, CUP-131, SH-2, R-2 12/02/2006   BE
BE 9069     04/21/2023 Books         MIET Library, Jammu MIET Library, Jammu   02/12/2006   BE